| Tag |
First Indicator |
Second Indicator |
Subfields |
| LEADER |
00000pam a2200000 4500 |
| 001 |
in00000253021 |
| 005 |
20151010051648.0 |
| 008 |
721207s1973 paua b 00100beng |
| 010 |
|
|
|a 72013438
|
| 020 |
|
|
|a 0811709582
|c $10.00
|
| 035 |
|
|
|a (OCoLC)00532291
|
| 035 |
|
|
|9 ABB7160AM
|
| 040 |
|
|
|a DLC
|c DLC
|d TXA
|d UtOrBLW
|
| 049 |
|
|
|a TXAM
|c [715744]
|
| 050 |
0 |
0 |
|a E207.W35
|b T82
|
| 082 |
0 |
|
|a 973.3/44/0924
|a B
|
| 100 |
1 |
|
|a Tucker, Glenn.
|
| 245 |
1 |
0 |
|a Mad Anthony Wayne and the new nation ;
|b the story of Washington's front-line general /
|c Maps by Dorothy Thomas Tucker.
|
| 264 |
|
1 |
|a [Harrisburg, Pa.] :
|b Stackpole Books,
|c [1973]
|
| 300 |
|
|
|a 287 pages :
|b illustrations ;
|c 24 cm.
|
| 336 |
|
|
|a text
|b txt
|2 rdacontent
|
| 337 |
|
|
|a unmediated
|b n
|2 rdamedia
|
| 338 |
|
|
|a volume
|b nc
|2 rdacarrier
|
| 504 |
|
|
|a Bibliography: pages 272-276.
|
| 600 |
1 |
0 |
|a Wayne, Anthony,
|d 1745-1796.
|
| 999 |
|
|
|a MARS
|
| 999 |
f |
f |
|s a8041fe9-dc82-36f2-a283-7fdea8750be8
|i 180ca4d4-e068-3db3-94af-4ef96b0ec6b8
|t 0
|
| 952 |
f |
f |
|p ric
|a Texas A&M University
|b Rellis Campus
|c Joint Library Facility
|d Remote Storage
|t 0
|e E207.W35 T82
|h Library of Congress classification
|i unmediated -- volume
|m A14802199331
|
| 998 |
f |
f |
|a E207.W35 T82
|t 0
|l Remote Storage
|